History Quiz

Random History or Year Quiz

The UK in the 20th Century: 1928 Quiz Stats

 Plays Quiz not verified by Sporcle

Challenge
Share
Tweet
Embed
Score 0/25 Timer 08:00
0 Plays Today
Clue Answer % Correct
Passage of the Representation of the People Act lowers the voting age for women from 30 to this age, giving them equal suffrage with men from 2nd July.21
88.8%
Alexander Fleming accidentally rediscovers this antibiotic at St Mary's Hospital, London.Penicillin
88.8%
This Mediterranean nation becomes a British dominion.Malta
84.1%
This novelist and poet, whose notable works include Tess of the d'Urbervilles and The Mayor of Casterbridge, dies.Thomas Hardy
82.3%
This popular baked beans brand is produced in the UK for the first time.Heinz
79.8%
Frederick Griffith reports the results of Griffith's experiment, indirecty proving the existence of this biological structure.DNA
74%
This noted hairdresser, known for his range of geometric yet organically shaped styles, and for setting up a worldwide chain of salons and hair products, is born.Vidal Sassoon
70.4%
This D. H. Lawrence novel is first published in Italy; it will not be pubished openly in Britain until 1960.Lady Chatterley's Lover
66.4%
This television presenter and entertainer, known for shows such as The Generation Game, Play Your Cards Right and The Price Is Right, is born.Bruce Forsyth
65.7%
In Paisley, May Donoghue finds the remains of this mollusc in her ginger beer, leading to the landmark negligence case Donoghue vs. Stevenson.Snail
59.2%
This linguistic reference work is completed after 70 years.Oxford English Dictionary
56.7%
This man demonstrates the world's first colour television transmission.John Logie Baird
56%
This steam-hauled express train begins running non-stop over the 393 miles of the East Coast Main Line from London King's Cross to Edinburgh.Flying Scotsman
55.6%
Clue Answer % Correct
Great Britain and Northern Ireland compete in the Summer Olympics in this European city, winning 20 medals, 3 gold.Amsterdam
54.2%
The Dangerous Drugs Act 1925 comes into effect, placing restrictions on the use of this drug.Cannabis
50.9%
This bridge opens, connecting Newcastle-upon-Tyne and Gateshead.Tyne Bridge
48.7%
This fish and chips fast food restaurant opens its first restaurant in Yorkshire.Harry Ramsden's
46.9%
This entertainer, known for his ad-lib stand up routine, as well as presenting game shows such as The Golden Shot and Family Fortunes, is born.Bob Monkhouse
44.8%
This footballer, manager and presenter, who made over 250 appearances for Fulham, revolutionised Coventry City and presented over 600 shows of Match of the Day, is born. Jimmy Hill
36.1%
This Scottish architect, designer and painter, noted for the design of the Glasgow School of Art, and regarded as a pioneer of the Modernist design movement, dies.Charles Rennie Mackintosh
35.4%
Great Britain and Northern Ireland compete in the Winter Olympics in this European town, wining one bronze medal.St Moritz
30.7%
This striker finishes the football season with a record 60 goals for First Division winners Everton.Dixie Dean
29.2%
This motorcycle sport is competitively demonstrated for the first time in the UK with a meet at High Beach in Epping Forest.Speedway
28.9%
This department store chain opens its first store in Brixton, London.British Home Stores
26.7%
The Bank of England resumes responsibility for issue of banknotes, issuing, for the first time, notes for this amount. The notes were the first to be in colour and double-sided.10 shillings
23.1%

You're not logged in!

Compare scores with friends on all Sporcle quizzes.
Join for Free
OR
Log In

You Might Also Like...

Show Comments

Extras

Top Quizzes Today


Score Distribution

Your Account Isn't Verified!

In order to create a playlist on Sporcle, you need to verify the email address you used during registration. Go to your Sporcle Settings to finish the process.

Report this User

Report this user for behavior that violates our Community Guidelines.

Details: